00466nam a2200181Ia 4500003000400000005001700004008004100021020001800062040000700080041000800087082002100095100002200116245006100138260003600199300001500235365001600250650001800266OSt20230331112107.0210423s2000 xx 000 0 und d a0-387-98911-0 cAL aeng a512.7 223bRIBM aRIBENBOIM (Paulo) aMy numbers my friends: popular lectures on number theory aNew YorkbSpringer Verlagc2000 axi,375bPB b7580.2cEUR aNumber Theory